000 00373nam a2200169Ia 4500
100 _aGodbole/Achyut S
650 _aData communications
250 _a2
942 _cBK
366 _f25
245 _aData communications and network
260 _bTata Mc Graw hill Ltd.
_c2011
082 _a4.65
_bGOD
300 _a540
546 _aENGLISH
_cComputers
999 _c26317
_d26317